| 000 | 00563nam a2200181 a 4500 | ||
|---|---|---|---|
| 001 | 000000528 | ||
| 005 | 20250916134336.0 | ||
| 008 | 081127s2007 nyu 000 0 spa d | ||
| 040 |
_aDO-SdBNP _bspa _cBNPHU |
||
| 082 |
_a303.6 _bM938s |
||
| 100 | 1 |
_aMoya, José Antonio _91749 |
|
| 245 | 1 | 0 |
_aSoluciones a la violencia y la promoción de la convivencia pacífica / _cJosé Antonio Moya. |
| 260 |
_aNew York : _bLinco, _c2007. |
||
| 300 |
_a153 p. ; _c21.5 cm. |
||
| 590 | _aLibro autografiado por el autor | ||
| 650 | 0 |
_aViolencia _91750 |
|
| 650 | 4 |
_aConvivencia _91751 |
|
| 999 |
_c526 _d526 |
||